export_success — 

Edo jidai chōnin no seikatsu,

Saved in:
Bibliographic Details
Main Author: Tamura, Eitarō, 1893-1969.
Format: Book
Language:Japanese
Published: Tōkyō, Yūzankaku, Shōwa 41 [1966]
Subjects:
Tags: Add Tag
No Tags, Be the first to tag this record!
LEADER 00832nam a2200253 4500
001 007718111-5
005 20024617115255.0
008 831118s1966 ja a 000 0 jpn
010 |a j 67000574 
020 |c Y980 
035 0 |a ocm14968511 
040 |a DLC  |c NN  |d OCoLC  |d *YNH*  |d CStRLIN 
043 |a a-ja--- 
050 0 |a DS896.5  |b .T3 
100 1 |6 880-01  |a Tamura, Eitarō,  |d 1893-1969. 
245 1 0 |6 880-02  |a Edo jidai chōnin no seikatsu,  |c Tamura Eitarō cho. 
260 |6 880-03  |a Tōkyō,  |b Yūzankaku,  |c Shōwa 41 [1966] 
300 |a 2, 290 p.  |b illus.  |c 22 cm. 
651 0 |a Tokyo (Japan)  |x Social life and customs. 
880 1 |6 100-01  |a 田村榮太郎,  |d 1893-1969. 
880 1 0 |6 245-02  |a 江戶時代町人の生活,  |c 田村榮太郎著. 
880 |6 260-03  |a 東京,  |b 雄山閣,  |c 昭和41 [1966] 
988 |a 20021127 
906 |0 DLC